000
00350nam a2200133Ia 4500
008
151001s9999||||xx |||||||||||||| ||und||
100
_a
गो. ना. दातार
245
_a
इंद्रभुवन गुहा
250
_a
1
260
_b
प्रताप प्रकाशन
260
_c
1980
300
_a
432
365
_b
18
999
_c
960784
_d
960781